| 000 | 00573nam a2200193 a 4500 | ||
|---|---|---|---|
| 001 | 000029171 | ||
| 005 | 20200930055355.0 | ||
| 008 | 110414s2001 mx 000 0 spa d | ||
| 020 | _a9688594431 | ||
| 040 |
_aDO-SdBNP _bspa _cBNPHU |
||
| 082 |
_axxxx _bI42r |
||
| 100 | 1 |
_aInestrosa, Sergio _956090 |
|
| 245 | 1 | 3 | _aLa religión como mediadora del sentido de la vida. |
| 260 |
_aMéxico : _bUniversidad Iberoamericana, _c2001. |
||
| 300 |
_a34 p. ; _c22 cm. |
||
| 490 | 1 |
_aCuadernos de fe y cultura _v15 |
|
| 830 | 0 |
_aCuadernos de fe y cultura _v15 _956091 |
|
| 049 | _aBNPD | ||
| 999 |
_c28663 _d28663 |
||